000 00713nam a2200241Ia 4500
003 OSt
005 20221005133549.0
006 a|||||r|||| 00| 0
007 ta
008 221004b |||||||| |||| 00| 0 hin d
024 _a40572
037 _cTextual
040 _aCRL
_cCRL
_bhin
041 _2hin
_ahin
082 _aDelta:864, 152N6
100 _aव्यास, सूर्यनारायण
245 0 _aजन्म-कुण्डली कोेश
246 _aJanma-kuṇḍalī koesha
260 _c1996
300 _a263पृ.
_ccm.
942 _hDelta:864, 152N6
_cTEXL
_2cc
999 _c1067232
_d1067232